Otázky vybraných odvetví ekonomickej štruktúry národohospodárskeho komplexu ČSSR z hľadiska ich zapojenia do medzinárodnej socialistickej deľby práce základné charakteristiky rozvojových krajín socialistickej orientácie a ich podmienky zapojenia do systému medzinárodnej soc. deľby práce so zreteľom na rozvoj čs. ekonomiky
Na minha lista:
| Formato: | Livro |
|---|---|
| Idioma: | eslovaco |
| Publicado em: |
Bratislava
Vysoká škola ekonomická
1982
|
| Tags: |
Sem tags, seja o primeiro a adicionar uma tag!
|
MARC
| LEADER | 00000nam a2200000 4500 | ||
|---|---|---|---|
| 001 | c134770 | ||
| 005 | 20250708101352.9 | ||
| 041 | 0 | |a slo | |
| 044 | |a SK | ||
| 245 | 1 | 0 | |a Otázky vybraných odvetví ekonomickej štruktúry národohospodárskeho komplexu ČSSR z hľadiska ich zapojenia do medzinárodnej socialistickej deľby práce |b základné charakteristiky rozvojových krajín socialistickej orientácie a ich podmienky zapojenia do systému medzinárodnej soc. deľby práce so zreteľom na rozvoj čs. ekonomiky |
| 264 | 1 | |a Bratislava |b Vysoká škola ekonomická |c 1982 | |
| 300 | |a 34 s. | ||